000 00693nam a2200241 a 4500
008
020 _a1844450643 (pbk.)
049 _aMAIN
090 _aLC5225.L42
_bGRA
100 1 _aGravells, Ann.
245 1 0 _aDelivering adult learning :
_blevel 3 coursebook /
_cAnn Gravells.
260 _aExeter :
_bLearning Matters Ltd,
_c2006.
300 _a106 p. ;
_c22 cm.
500 _aIncludes index.
504 _aIncludes bibliographical references.
650 _aLearning.
650 1 _aAdult education.
907 _a.b10259302
_b08-04-22
_c16-12-08
003
005 20230123124957.0
040 _cNUST
942 _cBOOKS
_kLC5225.L42
_mGRA
999 _c133556
_d133556